|
|
|
|
| LEADER |
00000nab a22000001a 4500 |
| 001 |
vtls009083518 |
| 003 |
SK-MaSNL |
| 005 |
20260305002505.0 |
| 008 |
070730d19270827xo |r|p|||| |000 b|slo |
| 015 |
|
|
|a SNBRRBVU1918-1938
|
| 038 |
|
|
|a SNKBUCL SNKBUVU
|
| 040 |
|
|
|a SNKBUVU
|b slo
|c SNKBUCL
|e AACR2
|
| 041 |
0 |
|
|a slo
|
| 044 |
|
|
|a xo
|c SK
|
| 080 |
|
|
|a 75.071.1
|2 1997
|
| 080 |
|
|
|a 75.025.4
|2 1997
|
| 245 |
0 |
0 |
|a Fresky v kostole Piaristov v Trenčíne
|
| 500 |
|
|
|a V rubrike Chýrnik
|
| 520 |
|
|
|a Krátka správa o obnovení fresky zo začiatku 18. storočia v kostole Piaristov v Trenčíne akad. maliarom Petrom Júliusom Kernom
|
| 600 |
1 |
7 |
|a Kern, Peter Július,
|d 1881-1963
|2 MM
|9 52579
|
| 650 |
0 |
7 |
|a fresky
|2 MM
|9 3148
|
| 650 |
0 |
7 |
|a reštaurátorstvo
|2 MM
|9 18959
|
| 651 |
|
7 |
|a Trenčín (Slovensko)
|2 MM
|9 159956
|
| 773 |
0 |
|
|t Slovenský denník
|g Roč. 10, č. 195 (27.8.1927), s. 3
|
| 852 |
|
|
|a SNK
|b KIS3GCP
|
| 910 |
|
|
|a snkrbvumm
|
| 958 |
|
|
|a VY
|
| 999 |
|
|
|c 3225762
|d 3227692
|